Triple J Hottest 100 of Australian Songs - Statistics

General Stats
  • This quiz has been taken 50 times
  • The average score is 42 of 73
Answer Stats
Artist % Correct
AC/DC
97%
Crowded House
97%
INXS
92%
Gotye
90%
Midnight Oil
90%
Jet
87%
Kylie Minogue
87%
ICEHOUSE
82%
John Farnham
82%
Men At Work
82%
Paul Kelly
79%
Paul Kelly & The Messengers
79%
Cold Chisel
77%
Jimmy Barnes
77%
Powderfinger
77%
Vance Joy
77%
Empire Of The Sun
74%
The Veronicas
74%
Divinyls
72%
Hilltop Hoods
72%
Hunters & Collectors
69%
Missy Higgins
69%
Silverchair
69%
Spiderbait
64%
Tame Impala
64%
Australian Crawl
62%
The Angels
62%
Wolfmother
62%
Bernard Fanning
59%
Daryl Braithwaite
59%
Natalie Imbruglia
59%
The Temper Trap
59%
Daddy Cool
56%
Ocean Alley
56%
RÜFÜS DU SOL
56%
Yothu Yindi
56%
Angus & Julia Stone
54%
Augie March
54%
Eskimo Joe
54%
Flume
54%
Grinspoon
54%
Matt Corby
54%
Spacey Jane
54%
Ben Lee
51%
The Church
51%
Gang of Youths
49%
Goanna
49%
Killing Heidi
49%
Nick Cave & The Bad Seeds
49%
Redgum
49%
The Living End
46%
The Presets
46%
The Whitlams
46%
Ball Park Music
44%
DMA's
44%
Regurgitator
44%
Sticky Fingers
44%
The Avalanches
41%
The Cat Empire
41%
The Screaming Jets
41%
Amyl And The Sniffers
38%
Bag Raiders
38%
Thelma Plum
38%
Chet Faker
36%
Drapht
36%
You Am I
36%
Violent Soho
33%
The Go-Betweens
31%
The Waifs
31%
Stevie Wright
28%
Savage Garden
23%
Flight Facilities
18%
Peking Duk
18%
No matching quizzes found
Score Distribution
Percent of People with Each Score
Percentile by Number Answered
Your Score History
You have not taken this quiz